Calculus for Managrment, Life, and Social Sciences / (Record no. 6903)
[ view plain ]
| 000 -LEADER | |
|---|---|
| fixed length control field | 00662nam a22002417a 4500 |
| 001 - CONTROL NUMBER | |
| JCCL Control Number | 6903 |
| 003 - CONTROL NUMBER IDENTIFIER | |
| JCCL marc code | BD-JhCC |
| 005 - DATE AND TIME OF LATEST TRANSACTION | |
| control field | 20180301190730.0 |
| 008 - FIXED-LENGTH DATA ELEMENTS--GENERAL INFORMATION | |
| fixed length control field | 180131b xxu||||| |||| 00| 0 eng d |
| 020 ## - INTERNATIONAL STANDARD BOOK NUMBER | |
| International Standard Book Number | 0023062118 |
| 035 ## - SYSTEM CONTROL NUMBER | |
| system control number | (BD-JhCC)6903 |
| 040 ## - CATALOGING SOURCE | |
| Original cataloging agency | BD-JhCC |
| Modifying agency | BD-JhCC |
| 041 ## - LANGUAGE CODE | |
| Language code of Book | eng |
| 082 ## - DEWEY DECIMAL CLASSIFICATION NUMBER | |
| Classification number | 515 |
| Author mark and Year | BAR 1987 |
| 100 ## - MAIN ENTRY--PERSONAL NAME | |
| Personal name | Barnett, Raymond A. |
| 245 ## - TITLE STATEMENT | |
| Title | Calculus for Managrment, Life, and Social Sciences / |
| Statement of responsibility, etc | Raymond A. Barnett, Michael R. Ziegler |
| 260 ## - PUBLICATION, DISTRIBUTION, ETC. (IMPRINT) | |
| Place of publication, distribution, etc | London : |
| Name of publisher, distributor, etc | Collier Macmillan Publishers, |
| Date of publication, distribution, etc | 1987. |
| 300 ## - PHYSICAL DESCRIPTION | |
| Pagination | 607 p. : |
| Dimensions | 26 cm. |
| 650 ## - SUBJECT ADDED ENTRY--TOPICAL TERM | |
| Topical term or geographic name as entry element | Calculus |
| 700 ## - ADDED ENTRY--PERSONAL NAME | |
| Personal name | Ziegler, Michael R. |
| 942 ## - ADDED ENTRY ELEMENTS (KOHA) | |
| Source of classification or shelving scheme | Dewey Decimal Classification |
| Koha item type | Books |
| Source of classification or shelving scheme | Damaged status | Not for loan | Home library | Current library | Shelving location | Total Checkouts | Full call number | Barcode | Date last seen | Copy number | Koha item type |
|---|---|---|---|---|---|---|---|---|---|---|---|
| Dewey Decimal Classification | JCC Rouf Library | JCC Rouf Library | General Stacks | 515 BAR 1987 | 7734 | 01/31/2018 | C-1 | Books |